I Have a Dream (Record no. 4143)

MARC details
000 -LEADER
fixed length control field 00622nam a2200241 a 4500
020 ## - INTERNATIONAL STANDARD BOOK NUMBER
ISBN
082 00 - DEWEY DECIMAL CLASSIFICATION NUMBER
Classification number 246.7
Author Cutter PRA
100 ## - MAIN ENTRY--AUTHOR NAME
Author name Prabhu, Louella Lobo
245 ## - TITLE STATEMENT
Title I Have a Dream
Sub title a One Act Play.
260 ## - PUBLICATION, DISTRIBUTION, ETC. (IMPRINT)
Place of publication Bangalore
Name of publisher National Council of Catholic Women
Year of publication 1975
300 ## - PHYSICAL DESCRIPTION
Number of Pages 37p
500 ## - GENERAL NOTE
General note includes index and biblioraphy
505 2# - FORMATTED CONTENTS NOTE
Formatted contents note world christian books
650 ## - SUBJECT ADDED ENTRY--TOPICAL TERM
Topical Term Christian-Drama
942 ## - ADDED ENTRY ELEMENTS (KOHA)
Koha item type Books
700 1# -
-- Prabhu, Louella Lobo
Holdings
Collection code Home library Current library Date acquired Cost, normal purchase price Full call number Accession Number Koha item type
  Henry Martyn Institute Library Henry Martyn Institute Library 07/05/2007 100.00 246.7 PRA 07897 Books
                   Copyright © 2026 | Henry Martyn Institute | Hyderabad | TS-500052 | INDIA | Implemented by hmi.edu.in
Hit-Count:

Powered by Koha